|
|
|
|
| LEADER |
00000cam a22000004a 4500 |
| 001 |
musev2_46402 |
| 003 |
MdBmJHUP |
| 005 |
20230905044842.0 |
| 006 |
m o d |
| 007 |
cr||||||||nn|n |
| 008 |
100924s2011 azu o 00 0 eng d |
| 020 |
|
|
|a 9780816535439
|
| 020 |
|
|
|z 9780816515714
|
| 020 |
|
|
|z 9780816529056
|
| 035 |
|
|
|a (OCoLC)966883629
|
| 040 |
|
|
|a MdBmJHUP
|c MdBmJHUP
|
| 100 |
1 |
|
|a Hayden, Julian D.,
|d 1911-1998,
|e author.
|
| 245 |
1 |
0 |
|a Field Man :
|b Life as a Desert Archaeologist /
|c Julian D. Hayden ; edited by Bill Broyles and Diane E. Boyer.
|
| 264 |
|
1 |
|a Tucson :
|b University of Arizona Press,
|c 2011.
|
| 264 |
|
3 |
|a Baltimore, Md. :
|b Project MUSE,
|c 2017
|
| 264 |
|
4 |
|c ©2011.
|
| 300 |
|
|
|a 1 online resource (300 pages):
|b illustrations, maps
|
| 336 |
|
|
|a text
|b txt
|2 rdacontent
|
| 337 |
|
|
|a computer
|b c
|2 rdamedia
|
| 338 |
|
|
|a online resource
|b cr
|2 rdacarrier
|
| 490 |
0 |
|
|a The Southwest Center series
|
| 505 |
0 |
|
|a Heritage -- Early field work -- Sandstone country -- Pima and Papago -- The right woman -- CCC -- At home -- Seri -- The war years -- "Hayden says" -- Studies in desert archaeology -- El Pinacate -- Tracing early man -- New trends -- Why archaeology? -- Epilogue / by Steve Hayden -- Appendix A: The background of this book -- People and places.
|
| 546 |
|
|
|a English.
|
| 588 |
|
|
|a Description based on print version record.
|
| 600 |
1 |
7 |
|a Hayden, Julian D.,
|d 1911-1998.
|2 fast
|0 (OCoLC)fst01761316
|
| 600 |
1 |
1 |
|a Hayden, Julian D.,
|d 1911-
|
| 600 |
1 |
0 |
|a Hayden, Julian D.,
|d 1911-1998.
|
| 650 |
|
7 |
|a Indians of North America
|x Antiquities.
|2 fast
|0 (OCoLC)fst00969645
|
| 650 |
|
7 |
|a Excavations (Archaeology)
|2 fast
|0 (OCoLC)fst00917564
|
| 650 |
|
7 |
|a Deserts.
|2 fast
|0 (OCoLC)fst00891230
|
| 650 |
|
7 |
|a Archaeology
|x Fieldwork.
|2 fast
|0 (OCoLC)fst01941257
|
| 650 |
|
7 |
|a Archaeologists.
|2 fast
|0 (OCoLC)fst00812929
|
| 650 |
|
7 |
|a Antiquities.
|2 fast
|0 (OCoLC)fst00810745
|
| 650 |
|
7 |
|a BIOGRAPHY & AUTOBIOGRAPHY
|x Adventurers & Explorers.
|2 bisacsh
|
| 650 |
|
6 |
|a Indiens d'Amerique
|z États-Unis (Nouveau Sud-Ouest)
|x Antiquites.
|
| 650 |
|
6 |
|a Archeologues
|z États-Unis (Nouveau Sud-Ouest)
|v Biographies.
|
| 650 |
|
6 |
|a Archeologues
|z États-Unis
|v Biographies.
|
| 650 |
|
6 |
|a Archeologie
|x Recherche sur le terrain
|z États-Unis (Nouveau Sud-Ouest)
|
| 650 |
|
6 |
|a Deserts
|z États-Unis (Nouveau Sud-Ouest)
|
| 650 |
|
6 |
|a Fouilles (Archeologie)
|z États-Unis (Nouveau Sud-Ouest)
|
| 650 |
|
0 |
|a Indians of North America
|z Southwest, New
|x Antiquities.
|
| 650 |
|
0 |
|a Archaeologists
|z Southwest, New
|v Biography.
|
| 650 |
|
0 |
|a Archaeologists
|z United States
|v Biography.
|
| 650 |
|
0 |
|a Archaeology
|x Fieldwork
|z Southwest, New.
|
| 650 |
|
0 |
|a Deserts
|z Southwest, New.
|
| 650 |
|
0 |
|a Excavations (Archaeology)
|z Southwest, New.
|
| 651 |
|
7 |
|a United States.
|2 fast
|0 (OCoLC)fst01204155
|
| 651 |
|
7 |
|a New Southwest.
|2 fast
|0 (OCoLC)fst01244556
|
| 651 |
|
6 |
|a États-Unis (Nouveau Sud-Ouest)
|x Antiquites.
|
| 651 |
|
0 |
|a Southwest, New
|x Antiquities.
|
| 655 |
|
7 |
|a Biographies.
|2 fast
|0 (OCoLC)fst01919896
|
| 655 |
|
7 |
|a Electronic books.
|2 local
|
| 700 |
1 |
|
|a Broyles, Bill,
|d 1944 July 9-
|e editor.
|
| 700 |
1 |
|
|a Boyer, Diane E.,
|e editor.
|
| 710 |
2 |
|
|a Project Muse.
|e distributor
|
| 830 |
|
0 |
|a Book collections on Project MUSE.
|
| 856 |
4 |
0 |
|z Texto completo
|u https://projectmuse.uam.elogim.com/book/46402/
|
| 945 |
|
|
|a Project MUSE - Custom Collection
|
| 945 |
|
|
|a Project MUSE - Archive Complete Supplement V
|
| 945 |
|
|
|a Project MUSE - Archive Archaeology and Anthropology Supplement V
|